A carregar...

Headings and canons : Comparative study of five catalogue codes /

Detalhes bibliográficos
Autor principal: Ranganathan, S. R.
Idioma:Undetermined
Publicado em: 1955.
Colecção:American library association publication
Assuntos:
LEADER 00514nam a2200157Ia 4500
001 9379
008 170722s9999 xx 000 0 und d
100 |a Ranganathan, S. R. 
245 |a Headings and canons :  |b Comparative study of five catalogue codes / 
260 |c 1955. 
490 |a American library association publication 
653 |a Cataloguing 
653 |a Library Science 
942 |c GEN 
999 |c 56558  |d 56558 
952 |0 0  |1 0  |4 0  |6 255_J52  |7 0  |9 80775  |a LIB  |b LIB  |d 2013-03-25  |o 2:55 J5;2  |p 81566  |r 2017-08-12  |w 2017-08-12  |y GEN